01279naa a22003377a 4500001001000000003000900010005001700019007000300036008003400039040005400073041000900127072000800136090001800144100002000162100001800182111007800200245007300278260004200351500012000393650001600513650001900529650001900548650001200567650001500579650001200594773011700606909003600723942001400759999001900773952014900792BR8105206BR-BrBNA20240918174834.0ta230509b bl.||||| |||| 00| 0 por d aBR-BrBNAbporcBiblioteca Nacional de Agricultura a(Pt) aP05 aP05 BR81052061 aFeitosa, E.A.N.1 aMansour, W.M.1 a2. Congresso Brasileiro de EnergiacRio de Janeiro, RJ (Brazil)dApr 19811 aTransporte de combustiveis solidos por vibracao [recurso energetico]3 aRio de Janeiro, RJ (Brasil): c1981.  aAnais do 2. Congresso Brasileiro de Energia Rio de Janeiro, RJ (Brasil): 1981. v. 3 p. 1181-1192 (BR8105206-AM)P05  aCOMBUSTIVEL aCARVAO VEGETAL aCARVAO MINERAL aRESIDUO aTRANSPORTE aENERGIA0 tAnais do 2. Congresso Brasileiro de EnergiawP05 BR8105206gRio de Janeiro, RJ (Brasil), 1981. v. 3 p. 1181-1192 a202404bLuciac55dLucia Elande cAM2AGRIS c313934d313934 002AGRIS40708Acervo Gerala41918b41918cAgrobasel0o5214 BR0101105r2024-05-20t01yAM10d2024-04-11ePortaria Interministerial nÂș 164/94